000 00642nam a2200205Ia 4500
003 IN-BaIIA
008 211028s9999 xx 000 0 eng d
040 _cIIA Library
080 _a524.7(082.2)
_bFRE
100 _aFreeman, K.
_99818
245 0 _aGalaxies
_cK. Freeman, Larson, R. B. And B.Tinsley
260 _aSauverny
_bGeneva Observatory
_c1976
300 _a[various pagings.]
650 _aActive galactic nuclei
_96209
650 _aAstronomy and astrophysics thesaurus
650 _aGalaxies
_91286
700 _aLarson, R. B.
_99819
700 _aTinsley, B.
_99820
942 _cBK
999 _c5655
_d5655